banner-ar

اسرار الزعماء .. و فضائح العملاء : (Record no. 61121)

MARC details
000 -الفاتح
حقل البيانات ثابتة الطول 00870nam a22002177a 4500
005 - وقت وتاريخ اخر تعامل مع التسجيلة
رقم الضبط 20240530110445.0
008 - عناصر البيانات ثابتة الطول - معلومات عامة
حقل البيانات ثابتة الطول 150427s2012 ua f 000 0 ara d
017 ## - رقم الايداع القانونى
رقم الايداع القانونى 2012/3597
المصدر ( الهيئة المختصة) مصر . دار الكتب المصرية
020 ## - الرقم الدولى المعيارى للكتب
الرقم الدولى المعيارى للكتاب 9789772071439
040 ## - مصدر الفهرسة
وكالة الفهرسة الأصلية EG-CaGPL
082 04 - رقم تصنيف ديوى العشرى
رقم الطبعة 21
رقم التصنيف 920
رقم المادة ق/إ أ
100 0# - المدخل الرئيسى - إسم شخصى
الإسم الشخصى اسماعيل النقيب
245 10 - بيان العنوان
العنوان اسرار الزعماء .. و فضائح العملاء :
بقية العنوان مذكرات سياسية فى نصف قرن /
بيان المسئوليه,etc بقلم اسماعيل النقيب .
260 ## - PUBLICATION, DISTRIBUTION, ETC. (IMPRINT)
تاريخ النشر أو التوزيع 2012.
300 ## - الوصف المادى
التعداد 160 ص ؛
أبعاد الوعاء 20 سم.
650 04 - المدخل الاضافى بالموضوع-مصطلح موضوعى
مصطلح موضوعي المصريون
التقسيم الفرعي الشكلي تراجم.
650 04 - المدخل الاضافى بالموضوع-مصطلح موضوعى
مصطلح موضوعي الوزراء
التقسيم الفرعي الجغرافي مصر
التقسيم الفرعي الشكلي تراجم.
651 04 - المدخل الاضافى بالموضوع - اسم جغرافى
الاسم الجغرافي مصر
التقسيم الفرعي العام الاحوال السياسية.
942 ## - عناصر المدخل الإضافي( كوها)
مصدر التصنيف او مخطط الترفيف Dewey Decimal Classification
Koha [default] item type كتاب
260 ## - PUBLICATION, DISTRIBUTION, ETC. (IMPRINT)
-- القاهرة :
-- الهيئة المصرية العامة للكتاب ،
Holdings
حالة التراجع حالة الفقد حالة تلف ليس للاعارة المكان المؤقت الموقع الحالى تاريخ الاكتساب اجمالي اﻻعارات رقم الطلب الباركود تاريخ اخر مشاهدة تاريخ تفعيل السعر نوع وعاء كوها
        مكتبة القاهرة الكبرى مكتبة القاهرة الكبرى 04/27/2015   920 ق/إ أ 160345 04/27/2015 04/27/2015 كتاب

Powered By

EGPV